MARC

LEADER 00000nam0a2200000 4500
001 376319
005 20231102012817.0
035 |a (RuTPU)RU\TPU\retro\33759 
035 |a RU\TPU\book\279791 
090 |a 376319 
100 |a 20221222d1920 km y0rusy50 ca 
101 0 |a rus 
102 |a RU 
105 |a y z 001zy 
200 1 |a Стронцианит и целестин  |f С. А. Лихарева  |g Российская академия наук (РАН), Комиссия по изучению естественных производительных сил России 
210 |a Петроград  |c Первая Государственная Типография  |d 1920 
215 |a 39 с. 
225 1 |a Естественные производительные силы России  |v Т. 4. Полезные ископаемые  |h Вып. 30а 
317 |5 63413507: 179481  |a Поступила в НТБ в составе книжного собрания академика М. А. Усова. 
320 |a Библиогр.: с. 32-39. 
320 |9 572  |a Библиография в ссылках 
606 1 |a Стронций  |x Месторождения  |2 stltpush  |3 (RuTPU)RU\TPU\subj\57922  |9 75770 
610 1 |a соединения 
610 1 |a целестин 
610 1 |a библиотека М. А. Усова 
610 1 |a природные соединения 
610 1 |a применение 
610 1 |a Европейская часть 
610 1 |a Россия 
610 1 |a химический анализ 
610 1 |a Крымский полуостров 
610 1 |a Кавказ 
610 1 |a Урал 
610 1 |a Сибирь 
675 |a 553.68  |v 3 
700 1 |a Лихарева  |b С. А. 
712 0 2 |a Российская академия наук (РАН)  |b Комиссия по изучению естественных производительных сил России  |c (Санкт-Петербург)  |c (1917-1925)  |2 stltpush  |3 (RuTPU)RU\TPU\col\22383 
801 1 |a RU  |b 63413507  |c 20140320 
801 2 |a RU  |b 63413507  |c 20221222  |g RCR 
942 |c BK